• 首页
  • 本馆介绍
  • 公告通知
  • 最新文献
  • 馆藏检索
  • 电子资源
  • 读者导购
  • 参考咨询
  • 我的图书馆
  • 登录
  • 详细信息显示
  • 放入我的书架
  • 预约/预借图书
  • 作者相关作品
  • 分类相关作品
  • 丛书相关作品
  • 出版社相关作品

书目信息

  • 表格格式
  • 工作单格式
  • 卡片格式
题名:
热处理
    
 
作者: ;上海市第一机电工业局工会 编
分册:  
出版信息: 北京   机械工业出版社  1973
页数: 247页
开本: 20cm
丛书名:
单 册:
中图分类: TG15
科图分类:
主题词: 热处理
电子资源:
ISBN:
000 00699nam0 2200229 45
001 0178000351
005 20060313153759.12
010    @dCNY0.53
091    @a15033.4423
100    @a19950731d1973 em y0chiy0121 ea
101 0  @achi
102    @aCN@b110000
105    @ay z 000yy
200 10 @a热处理@Are chu li@e试用本@f上海市第一机电工业局工会编@Fshang hai shi di yi ji dian gong ye ju gong hui bian
210    @a北京@c机械工业出版社@d1973
215    @a247页@d20cm
517 1  @a试用本@Ashi yong ben
606    @a热处理
690    @aTG15@v4
711  0 @a上海市第一机电工业局工会@Ashang hai shi di yi ji dian gong ye ju gong hui@4编
801  0 @aCN@bTSSF@c20060313
905    @a10447@dTG15@e3
    
    热处理:试用本/上海市第一机电工业局工会编.-北京:机械工业出版社,1973
    247页;20cm
    
    
    ISBN :CNY0.53
    
●
相关链接 在E读中查询图书 在五车中查询图书 在当当中查询图书 在豆瓣中查询图书


正题名:热处理     索取号:TG15/3         预约/预借

序号 登录号 条形码 馆藏地/架位号 状态 备注
1 0013344   202203917   密集书库/ [索取号:TG15/3] 在馆    
2 0013345   202203873   密集书库/ [索取号:TG15/3] 在馆    
唐山师范学院图书馆 欢迎您!
大连网信软件有限公司© 版权所有